Flaggen von Territorien - Statistiken

Allgemein
  • Dieses Quiz wurde 350 mal gespielt
  • Das Durchschnittsergebnis liegt bei 20 aus 48
Antwortstatistiken
Bildquiz Antwort % Korrekt
Jersey
74%
Weihnachtsinsel
73%
Kokosinseln
71%
Cookinseln
68%
Niue
68%
Guernsey
66%
Norfolkinsel
66%
Aruba
65%
Bermuda
63%
Neukaledonien
62%
Tokelau
62%
Britische Jungferninseln
59%
Curaçao
59%
Französisch-Polynesien
57%
Anguilla
55%
Nordzypern
54%
Falklandinseln
50%
Nördliche Marianen
49%
Somaliland
46%
Guadeloupe
45%
Réunion
45%
Transnistrien
45%
Sint Maarten
44%
Britisches Territorium im Indischen Ozean
41%
Montserrat
38%
Pitcairninseln
35%
Abchasien
34%
St. Helena, Ascension & Tristan da Cunha
34%
Martinique
33%
Südgeorgien und die Südlichen Sandwichinseln
33%
Südossetien
33%
Azoren
32%
Turks- und Caicosinseln
32%
Baskenland
31%
Französische Süd- und Antarktisgebiete
31%
Französisch-Guayana
29%
Arzach
26%
Kaimaninseln
24%
Saint Barthélemy
24%
Madeira
23%
Saint-Martin
20%
Tschetschenien
16%
Kanarische Inseln
15%
St. Pierre & Miquelon
15%
Wallis & Futuna
15%
Kaliningrad
13%
Donezk
10%
Lugansk
8%
Keine übereinstimmenden Quizze gefunden
Verteilung der Resultate
Anzahl Personen mit jedem Resultat
Perzentil nach korrekt beantworteten Fragen
Ihre Resultats-Entwicklung
Sie haben dieses Quiz noch nicht gespielt